Movies with Nautical Terms in the Title - Statistics

General Stats
  • This quiz has been taken 193 times
    152 since last reset
  • The average score is 11 of 22
Answer Stats
Date Movie % Correct
2016 Manchester by the {Sea}
95%
2001 {Ocean's} Eleven
89%
2001 Pearl {Harbor}
77%
1995 Crimson {Tide}
74%
1983 The {Pirates} of Penzance
70%
1945 {Anchors} Aweigh
67%
1951 Show {Boat}
65%
1965 {Ship} of Fools
63%
1997 Speed 2: {Cruise} Control
60%
1957 Until they {Sail}
48%
2016 Finding {Dory}
47%
1990 {Captain} America
45%
1967 Don't Make {Waves}
45%
1973 High Plains {Drifter}
44%
2007 The Golden {Compass}
35%
1955 Hit the {Deck}
29%
1986 Flight of the {Navigator}
26%
1963 Donovan's {Reef}
25%
1941 In the {Navy}
23%
1934 Baby, Take a {Bow}
21%
2017 {Liner} Notes
4%
1937 The Singing {Marine}
2%
No matching quizzes found
Score Distribution
Percent of People with Each Score
Percentile by Number Answered
Your Score History
You have not taken this quiz since the last reset